00559nam a2200181 a 450000500170000000800410001704100080005804400070006609000140007310000340008724501300012126000330025130000110028470000370029594200150033294500150034799900150036220140318112553.0140318b1994 ag ||||| |||| 00| 0 spa d aspa aag aLBb04474 aDonadio, Oscar Enrique922619 aBiología y conservación de las especies del género Tupinambis (Squamata, Sauria Teiidae) en la República de Argentina aBuenos AiresbCONICETc1994? a120 p. aGallardo , José María922620 cImpreso2z d2006-01-04 c5086d5086